Личность и общество: электронный курс

Библиографические подробности
Главный автор: Казакова О. А. Ольга Анатольевна
Автор-организация: Национальный исследовательский Томский политехнический университет (ТПУ) Институт международного образования и языковой коммуникации (ИМОЯК) Кафедра русского языка и литературы (РЯЛ)
Другие авторы: Фрик Т. Б. Татьяна Борисовна
Примечания:Заглавие с экрана
В курсе "Личность и общество" представлены публицистические тексты, посвященные успешным людям, занимающим активную жизненную позицию. В курс вошли адаптированные его авторами тексты портретных очерков, в разные годы опубликованные на страницах томского общественно-политического журнала "Персона". Цель работы с курсом - совершенствование навыков чтения публицистических текстов; формирование умения давать развёрнутую характеристику личности. Работа с курсом позволит расширить лексический запас лексики, характерной для современных публицистических текстов социальной и общегуманистической проблематики. Особое внимание в курсе уделяется характеристике человека: аспекты характеристики личности (биография, учителя, работа, профессиональные достижения, характер, хобби, семья), необходимые языковые единицы (слова, словосочетания, конструкции), - а также письменным жанрам "биография", "портретный очерк", "эссе". Знания и умения, полученные в курсе "Личность и общество", помогут иностранным студентам успешно осуществлять речевое общение на русском языке в устной и письменной форме в социально-культурной сфере при удовлетворении своих социальных и познавательных потребностей.
Доступ по логину и паролю
Язык:русский
Опубликовано: Томск, TPU Moodle, 2015
Предметы:
Online-ссылка:http://design.lms.tpu.ru/course/view.php?id=577
Формат: MixedMaterials Электронный ресурс Книга
Запись в KOHA:https://koha.lib.tpu.ru/cgi-bin/koha/opac-detail.pl?biblionumber=651728

MARC

LEADER 00000nlm0a2200000 4500
001 651728
005 20231225154111.0
035 |a (RuTPU)RU\TPU\network\16990 
035 |a RU\TPU\network\16987 
090 |a 651728 
100 |a 20161121d2015 m y0rusy50 ca 
101 0 |a rus 
102 |a RU 
105 |a a j 000zy 
135 |a jrcn ---uucaa 
181 0 |a i  
182 0 |a b 
200 1 |a Личность и общество  |e электронный курс  |f О. А. Казакова, Т. Б. Фрик  |g Национальный исследовательский Томский политехнический университет (ТПУ), Институт международного образования и языковой коммуникации (ИМОЯК), Кафедра русского языка и литературы (РЯЛ) 
203 |a Текст  |c электронный 
210 |a Томск  |c TPU Moodle  |d 2015 
300 |a Заглавие с экрана 
330 |a В курсе "Личность и общество" представлены публицистические тексты, посвященные успешным людям, занимающим активную жизненную позицию. В курс вошли адаптированные его авторами тексты портретных очерков, в разные годы опубликованные на страницах томского общественно-политического журнала "Персона". Цель работы с курсом - совершенствование навыков чтения публицистических текстов; формирование умения давать развёрнутую характеристику личности. Работа с курсом позволит расширить лексический запас лексики, характерной для современных публицистических текстов социальной и общегуманистической проблематики. Особое внимание в курсе уделяется характеристике человека: аспекты характеристики личности (биография, учителя, работа, профессиональные достижения, характер, хобби, семья), необходимые языковые единицы (слова, словосочетания, конструкции), - а также письменным жанрам "биография", "портретный очерк", "эссе". Знания и умения, полученные в курсе "Личность и общество", помогут иностранным студентам успешно осуществлять речевое общение на русском языке в устной и письменной форме в социально-культурной сфере при удовлетворении своих социальных и познавательных потребностей. 
333 |a Доступ по логину и паролю 
606 1 |a Русский язык  |x Для других народов  |x Учебные руководства и пособия  |2 stltpush  |3 (RuTPU)RU\TPU\subj\26400  |9 50340 
610 1 |a электронный ресурс 
610 1 |a труды учёных ТПУ 
610 1 |a электронное обучение 
610 1 |a электронные курсы ТПУ 
610 1 |a личности 
610 1 |a общество 
610 1 |a характеристики 
610 1 |a публицистические тексты 
610 1 |a речевые жанры 
610 1 |a портретные очерки 
610 1 |a эссе 
610 1 |a электронные учебные пособия 
610 1 |a учебные пособия 
686 |a Ш141.2-96  |2 rubbk 
700 1 |a Казакова  |b О. А.  |c филолог  |c доцент Томского политехнического университета, кандидат филологических наук  |f 1974-  |g Ольга Анатольевна  |3 (RuTPU)RU\TPU\pers\24564  |9 10864 
701 1 |a Фрик  |b Т. Б.  |c филолог  |c доцент Томского политехнического университета, кандидат филологических наук  |f 1979-  |g Татьяна Борисовна  |3 (RuTPU)RU\TPU\pers\24603  |9 10893 
712 0 2 |a Национальный исследовательский Томский политехнический университет (ТПУ)  |b Институт международного образования и языковой коммуникации (ИМОЯК)  |b Кафедра русского языка и литературы (РЯЛ)  |3 (RuTPU)RU\TPU\col\18974 
801 2 |a RU  |b 63413507  |c 20220121  |g RCR 
856 4 |u http://design.lms.tpu.ru/course/view.php?id=577 
942 |c CF